Man and the sea : (Record no. 127672)

MARC details
000 -LEADER
fixed length control field 00665nam a22002177a 4500
005 - DATE AND TIME OF LATEST TRANSACTION
control field 20170124110028.0
010 ## - LIBRARY OF CONGRESS CONTROL NUMBER
LC control number 744604
020 ## - INTERNATIONAL STANDARD BOOK NUMBER
Terms of availability 00.00
035 ## - SYSTEM CONTROL NUMBER
System control number 744604
037 ## - SOURCE OF ACQUISITION
Source of stock number/acquisition Cen Lib/Ret
040 ## - CATALOGING SOURCE
Original cataloging agency DPL
Language of cataloging EN
082 ## - DEWEY DECIMAL CLASSIFICATION NUMBER
Classification number 551.46
Item number MAN
245 ## - TITLE STATEMENT
Title Man and the sea :
Statement of responsibility, etc edited by Bernard L. Gordon
Remainder of title classic accounts of marine explorations /
260 ## - PUBLICATION, DISTRIBUTION, ETC. (IMPRINT)
Place of publication, distribution, etc U. S. A
Name of publisher, distributor, etc The American Museum of Natural History
Date of publication, distribution, etc 1970
300 ## - PHYSICAL DESCRIPTION
Extent xxiv,498p. :
Dimensions 21cm(Hb)
Other physical details ill
500 ## - GENERAL NOTE
General note Includes index
650 ## - SUBJECT ADDED ENTRY--TOPICAL TERM
Topical term or geographic name as entry element Oceanography
9 (RLIN) 5595
650 ## - SUBJECT ADDED ENTRY--TOPICAL TERM
Topical term or geographic name as entry element Oceanography--Research
9 (RLIN) 21182
700 ## - ADDED ENTRY--PERSONAL NAME
Personal name Gordon, Bernard L
9 (RLIN) 21183
942 ## - ADDED ENTRY ELEMENTS (KOHA)
Source of classification or shelving scheme Dewey Decimal Classification
Koha item type English Books
Classification part 551.46
Call number suffix MAN
Holdings
Withdrawn status Lost status Damaged status Not for loan Home library Current library Date acquired Source of acquisition Cost, normal purchase price Total Checkouts Full call number Barcode Date last seen Copy number Cost, replacement price Price effective from Koha item type Public note
Written off       Central Library Central Library 30/06/2015 Cen Lib/Ret 0.00   551.46 MAN 744604 30/06/2015 1 0.00 30/06/2015 English Books Written off on approval by DLB (By Circulation); dtd 15-06-2023

© Delhi Public Library
Hit Counter
free hit counter